• 首页
  • 本馆介绍
  • 公告通知
  • 最新文献
  • 馆藏检索
  • 电子资源
  • 读者导购
  • 参考咨询
  • 我的图书馆
  • 登录
  • 详细信息显示
  • 放入我的书架
  • 预约/预借图书
  • 作者相关作品
  • 分类相关作品
  • 丛书相关作品
  • 出版社相关作品

书目信息

  • 表格格式
  • 工作单格式
  • 卡片格式
题名:
医学微生物实验学
    
 
作者: 张卓然 , 黄敏 主编
分册:  
出版信息: 北京   科学出版社  2008
页数: 252页
开本: 26cm
丛书名:
单 册:
中图分类: R37-33
科图分类:
主题词: 病原微生物--微生物学--实验--医学院校--教材 , 病原微生物 , 微生物学
电子资源:
ISBN: 978-7-03-021111-8
000 01064nam0 2200289 450
001 012015000656
005 20150914160747.85
010    @a978-7-03-021111-8@dCNY35.00
100    @a20080418d2008 em y0chiy50 ea
101 0  @achi
102    @aCN@b110000
105    @aa z 000yy
106    @ar
200 1  @a医学微生物实验学@Ayi xue wei sheng wu shi yan xue@f张卓然,黄敏主编
205    @a3版
210    @a北京@c科学出版社@d2008
215    @a252页@c图@d26cm
300    @a中国科学院教材建设专家委员会规划教材 全国高等医药院校教材 供临床、基础、药学、预防、口腔、护理、检验、影像、麻醉等专业使用
330    @a本书包括微生物实验基本技术,细菌学、真菌学及病毒学实验,各种临床标本检查,微生物非培养法鉴定技术和质量控制等7部分内容,分为50项共154个实验。
606 0  @a病原微生物@x微生物学@x实验@x医学院校@j教材
606 0  @a病原微生物
606 0  @a微生物学
690    @aR37-33@v5
701  0 @a张卓然@Azhang zhuo ran@f(1941~)@4主编
701  0 @a黄敏@Ahuang min@c(医学教育)@4主编
801  0 @aCN@b碧洲教育@c20150718
905    @a10447@f4@dR37-33@e245=3
    
    医学微生物实验学/张卓然,黄敏主编.-3版.-北京:科学出版社,2008
    252页:图;26cm
    中国科学院教材建设专家委员会规划教材 全国高等医药院校教材 供临床、基础、药学、预防、口腔、护理、检验、影像、麻醉等专业使用
    
    ISBN 978-7-03-021111-8:CNY35.00
    本书包括微生物实验基本技术,细菌学、真菌学及病毒学实验,各种临床标本检查,微生物非培养法鉴定技术和质量控制等7部分内容,分为50项共154个实验。
●
相关链接 在E读中查询图书 在五车中查询图书 在当当中查询图书 在豆瓣中查询图书


正题名:医学微生物实验学     索取号:R37-33/245=3         预约/预借

序号 登录号 条形码 馆藏地/架位号 状态 备注
1 0848545   208485450   第二样本阅览室/ [索取号:R37-33/245=3] 在馆    
2 0848546   208485469   密集书库-生命科学系/ [索取号:R37-33/245=3] 在馆    
3 0848547   208485478   第三借阅区/ [索取号:R37-33/245=3] 在馆    
4 0848548   208485487   第三借阅区/ [索取号:R37-33/245=3] 在馆    
唐山师范学院图书馆 欢迎您!
大连网信软件有限公司© 版权所有